00330nam a22001097a 4500008004100000020001500041082001900056245008300075260004700158300000800205440000700213230623b xxu||||| |||| 00| 0 eng d a9966900888 a330.bKOU 1996 aEffects of Inflation on Ivorian Fiscal Variables: An Econometric Investigation bAfrican Economic Research Consortiumc1996 a20p n52